000 00926nam a2200313 a 4500
001 22753
003 SK-KTurca
005 20260422164230.0
008 250414s1980 xo 0 slo
015 _aSNBA1981/05
035 _aSNK000044522
040 _aSNK
_bslo
_cSNK
_eAACR2
041 0 _aslo
044 _axo
_cSK
080 _a830-3
_21981
100 1 _aBergius, C. C.,
_d1910-1996
_4aut
245 1 0 _aOsudný medailón
_cC. C. Bergius ; Evelína Radičová, Adela Jakabová
250 _a1. vyd.
260 _aBratislava
_bTatran
_c1980
_eTrnava
_fPolygrafické stredisko
300 _a469 s., 27,93 AH
_c21 cm
366 _e40000 výtl.
490 0 _aMeteor
_vZv. 93.
500 _aIlustr. na front.
700 1 _aSilberhornová, Evelína
_4trl
700 1 _aJakabová, Adela,
_d1945-
_4bkd
942 _2ddc
_cKLDO
_n0
999 _c22753
_d22753